000 01046nam a22003377a 4500
001 BR0602982
003 BR-BrBNA
005 20230928102217.0
007 ta
008 230509b bl.||||| |||| 00| 0 por d
040 _aBR-BrBNA
_bpor
_cBiblioteca Nacional de Agricultura
041 _a(Por)
072 _aL73; E70
_b4150
_b9702
_b9704
_b9703
090 _ 4150 BR0602982
110 1 _aMinistério da Agricultura, Pecuária e Abastecimento, Brasília, DF (Brasil). Secretaria de Relações Internacionais do Agronegócio
_97335
245 1 _aRestrições comerciais ao Brasil em função da ocorrência de febre aftosa no estado do Mato Grosso do Sul
260 3 _aBrasília, DF (Brasil):
_cND.
300 _a3 p.
650 _aAFTOSA
650 _aPOLÍTICA COMERCIAL
650 _aAAPPC
650 _aCARNE
650 _aBOVINO
650 _aSUÍNO
650 _aOVINO
650 _aCAPRINO
650 _aINSPEÇÃO VETERINÁRIA
650 _aINSPEÇÃO SANITÁRIA
909 _a202309
_bLucia
_c55
_dLucia Elande
942 _cBK
999 _c69665
_d69665